[Event "GRE-chT 49th"]
[Site "Thessaloniki"]
[Date "2022.08.14"]
[Round "4"]
[White "Tsourgianni, Kyriaki"]
[Black "Tounta, Lito Eleni"]
[Result "0-1"]
[WhiteElo "1070"]
[BlackElo "1277"]
[PlyCount "112"]
[EventDate "2022.08.12"]
[EventType "team-swiss"]
[EventRounds "7"]
[EventCountry "GRE"]
[SourceTitle "EXT 2024"]
[Source "ChessBase"]
[SourceDate "2023.10.10"]
[SourceVersion "1"]
[SourceVersionDate "2023.10.10"]
[SourceQuality "1"]
[WhiteTeam "Xanthis"]
[BlackTeam "Livatheias"]
[WhiteTeamCountry "GRE"]
[BlackTeamCountry "GRE"]

1. d4 d5 2. c4 c6 3. Nc3 e6 4. Nf3 Nf6 5. e3 Be7 6. Bd3 0-0 7. 0-0 h6 8. b3 Nbd7 9. Bb2 Qc7 10. e4 dxe4 11. Nxe4 Nxe4 12. Bxe4 Nf6 13. Bd3 b6 14. Qc2 c5 15. dxc5 Qxc5 16. Rad1 Bb7 17. Be2 Rfd8 18. Rxd8+ Rxd8 19. Rd1 Rxd1+ 20. Qxd1 Ng4 21. Qd4 Qxd4 22. Bxd4 Bf6 23. Bxf6 Nxf6 24. Kf1 Ne4 25. a4 Nc5 26. Nd2 f6 27. f3 e5 28. Kf2 Bc8 29. Ke3 Bf5 30. Bd1 a5 31. g4 Bd7 32. f4 exf4+ 33. Kxf4 Nd3+ 34. Ke3 Ne5 35. h3 Bc6 36. Nf3 Nd7 37. h4 Nc5 38. Nd4 Bd7 39. Bf3 Kf8 40. Bd1 Kf7 41. Bf3 Ke7 42. Kf4 g5+ 43. hxg5 hxg5+ 44. Ke3 Kd6 45. Kd2 Ne6 46. Nxe6 Bxe6 47. Kc3 Kc5 48. Bd1 f5 49. gxf5 Bxf5 50. Kd2 g4 51. Ke3 g3 52. Bf3 Bc2 53. Kf4 Bxb3 54. Kxg3 Bxc4 55. Bd1 Kb4 56. Kf4 Bb3 0-1